Ανταγωνιστικότητα, προσαρμογή μισθών και μακροοικονομική πολιτική στην Ελλάδα

Αποθηκεύτηκε σε:
Λεπτομέρειες βιβλιογραφικής εγγραφής
Κύριος συγγραφέας: Αλογοσκούφης, Γιώργος, 1955-
Μορφή: Βιβλίο
Γλώσσα:Greek
Δημοσίευση: Αθήνα : Κέντρο Προγραμματισμού και Οικονομικών Ερευνών, 1990.
Σειρά:Εργασίες για συζήτηση = Discussion papers ; v.1
Θέματα:
Ετικέτες: Προσθήκη ετικέτας
Δεν υπάρχουν, Καταχωρήστε ετικέτα πρώτοι!

MARC

LEADER 00000cam a2200000 i 4500
001 1/104007
008 950526s1990 gr | ||| |||| ||gre||
035 |l 10013105 
040 |a GR-MY-UA  |b gre  |e aacr 
041 0 |a gre 
082 7 |a 331.2109495   |2 (22) 
100 1 |a Αλογοσκούφης, Γιώργος,   |d 1955- 
245 1 0 |a Ανταγωνιστικότητα, προσαρμογή μισθών και μακροοικονομική πολιτική στην Ελλάδα /   |c Γ. Αλογοσκούφη.  
260 |a Αθήνα :   |b Κέντρο Προγραμματισμού και Οικονομικών Ερευνών,   |c 1990.  
300 |a 77 σ. :   |b πίν., σχ. ;   |c 30 εκ.  
490 1 |a (Εργασίες για συζήτηση  |v  vol.1) 
650 0 0 |a Wages  |z Greece. 
830 0 |a Εργασίες για συζήτηση = Discussion papers ;  |v  v.1 
852 |a INST  |b LESVOS  |e 19950526  |h 331.2109495 ΑΛΟ  |p 005100000448  |q 005100000448  |t BK  |y 0 
909 |a Λ  |b 022470 
970 |z 2000/05